Normal view MARC view
  • Maestros de educación de adultos

Entry Materia

Number of records used in: 6

001 - NÚMERO DE CONTROL DEL REGISTRO

  • campo de control: 849

003 - IDENTIFICADOR DE NUMERO DE CONTROL

  • campo de control: MX-MxUPN

005 - FECHA Y HORA DE LA ÚLTIMA TRANSACCIÓN

  • campo de control: 20240605161443.0

008 - DATOS DE LONGITUD FIJA

  • campo de control de longitud fija: 240605nn fnnnnaaba b ana |d

035 ## - NÚMERO DE CONTROL DEL SISTEMA

  • Número de control del sistema: UPN10000000849

040 ## - FUENTE DE LA CATALOGACIÓN

  • Centro catalogador de origen: MX-MxUPN
  • Lengua de catalogación: spa

150 ## - ENCABEZAMIENTO - TEMÁTICO

  • Término de materia o nombre geográfico como elemento inicial: Maestros de educación de adultos
  • Subdivisión de materia general: Formación profesional

670 ## - FUENTE EN LA QUE SE LOCALIZARON DATOS

  • Cita de la fuente: LC Authorities, 5 junio 2024 :
  • Información localizada: (Adult education teachers - Training of)
  • Identificador Uniforme del Recurso: https://lccn.loc.gov/sh85001041

902 ## - CATALOGADOR

  • Catalogador: MMA/090103
  • Catalogador: VíctorGodínez/050624